000 00206 a2200097 4500
001 6427
100 _aGates,S
245 _aArchitect in the Nuclear Age, The
260 _a
_bIliffe
_c
090 _c5287
_d5287
942 _aNUST-CAE
_cM
_c31697
999 _c241500
_d241500